Sandokán

Saved in:
Bibliografiske detaljer
Hovedforfatter: Salgari, Emilio (Author)
Format: Bog
Sprog:spansk
Udgivet: Santiago Andrés Bello 1997
Udgivelse:1a. ed
Fag:
Tags: Tilføj Tag
Ingen Tags, Vær først til at tagge denne postø!

MARC

LEADER 00000nam a2200000 a 4500
001 UCH8541
003 CL-VaPUC
008 091127e19970700CL |||||||||||||||||spa|d
020 |a 9561314789 
082 0 4 |a 853  |b SAL  |2 21 
100 0 |a Salgari, Emilio  |e author  |9 545128 
245 1 0 |a Sandokán 
250 |a 1a. ed 
300 |a 244 p 
942 |c BK 
945 |d 20091127 00:00:00  |a lazolas 
260 |a Santiago  |b Andrés Bello  |c 1997 
500 |a Versión abreviada de María Rosa Duhart 
500 |a Ilustrado por Andrés Jullian 
500 |a Incluye las versiones abreviadas Sandokan 1 y 2, la mujer del pirata 
650 0 |a Literatura italiana  |9 266970 
650 0 |a Novela italiana  |9 265740 
583 |a last modification  |c 20091127 00:00:00  |k Rodrigo Vera 
999 |c 338752  |d 338750